000 00565nam a2200217Ia 4500
003 OSt
005 20230329105954.0
008 210423s2008 xx 000 0 und d
020 _a978-0-12-370631-7
040 _cAL
041 _aeng
082 _a539.7
_223
_bLEWF
100 _aLEWIS (E E)
_979496
245 _aFundamentals of nuclear reactor physics
260 _aUSA
_bElsevier
_c2008
300 _axv,293
_bHB
365 _b6936.8
_cUSD
650 _aNuclear Physics
_979497
906 _aFundamentals ; nuclear ; physics ; reactor
942 _2ddc
_cBK
999 _c168848
_d168848